ბათუმის შოთა რუსთაველის სახელმწიფო უნივერსიტეტის ბიბლიოთეკა

Molecular biology of aging (ბიბ.ჩანაწერი № 51244)

000 -LEADER
fixed length control field 00840nam a2200253Ia 4500
001 - CONTROL NUMBER
control field 18204
003 - CONTROL NUMBER IDENTIFIER
control field GE_BSU
008 - FIXED-LENGTH DATA ELEMENTS--GENERAL INFORMATION
fixed length control field 181216s||||||||xx |||||||||||||| ||und||
020 ## - INTERNATIONAL STANDARD BOOK NUMBER
International Standard Book Number ISBN 9780879698249 (alk. paper)
040 ## - CATALOGING SOURCE
Transcribing agency GE_BSU
080 ## - UNIVERSAL DECIMAL CLASSIFICATION NUMBER
Universal Decimal Classification number 577.21
245 ## - TITLE STATEMENT
Title Molecular biology of aging
245 ## - TITLE STATEMENT
Statement of responsibility, etc. edited by:Leonard P. Guarente, Linda Partridge, Douglas C. Wallace.
260 ## - PUBLICATION, DISTRIBUTION, ETC.
Place of publication, distribution, etc. New York
260 ## - PUBLICATION, DISTRIBUTION, ETC.
Name of publisher, distributor, etc. Cold Spring Harbor Laboratory Press,
260 ## - PUBLICATION, DISTRIBUTION, ETC.
Date of publication, distribution, etc. 2008
300 ## - PHYSICAL DESCRIPTION
Extent viii, 610 p, ill. (some col.) ; 24 cm.
653 ## - INDEX TERM--UNCONTROLLED
Uncontrolled term Aging--Molecular aspects. Aging--physiology. Aging--genetics. Cell Aging--physiology. Molecular Biology.
653 ## - INDEX TERM--UNCONTROLLED
Uncontrolled term Molecular biology of aging
653 ## - INDEX TERM--UNCONTROLLED
Uncontrolled term ბიოლოგია
653 ## - INDEX TERM--UNCONTROLLED
Uncontrolled term მოლეკულური ბიოლოგია
942 ## - ADDED ENTRY ELEMENTS (KOHA)
Koha item type წიგნი
ეგზემპლარები
Withdrawn status Lost status Damaged status Not for loan Date acquired Barcode Date last seen Price effective from Koha item type
        2018-12-17 46408 2018-12-17 2018-12-17 წიგნი